Riadenie rizík pri interných modeloch pre solventnosť

Saved in:
Bibliographic Details
Main Author: Simonka, Zsolt, 1974-
Other Authors: Slaninka, František, 1973-
Format: Book Chapter
Language:Slovak
Subjects:
Tags: Add Tag
No Tags, Be the first to tag this record!

MARC

LEADER 00000naa$a2200000$$$4500
001 0305446
005 20241205094016.3
041 0 |a slo 
044 |a SK 
245 1 0 |a Riadenie rizík pri interných modeloch pre solventnosť  |c Zsolt Simonka, František Slaninka 
500 |a Abstrakt 
610 2 0 |a solventnosť 
610 2 0 |a riziko 
610 2 0 |a riadenie 
610 2 0 |a kapitál 
100 1 |a Simonka, Zsolt, 1974- 
700 1 |a Slaninka, František, 1973-